Taxmann's companies act with rules / (Record no. 143579)

MARC details
000 -LEADER
fixed length control field 00590nam a22001697a 4500
005 - DATE AND TIME OF LATEST TRANSACTION
control field 20170821103345.0
020 ## - INTERNATIONAL STANDARD BOOK NUMBER
International Standard Book Number 9789386394187
Terms of availability 875.00
035 ## - SYSTEM CONTROL NUMBER
System control number B-667831
037 ## - SOURCE OF ACQUISITION
Source of stock number/acquisition RHSP/Ven.
082 ## - DEWEY DECIMAL CLASSIFICATION NUMBER
Classification number 346.54066
245 ## - TITLE STATEMENT
Title Taxmann's companies act with rules /
260 ## - PUBLICATION, DISTRIBUTION, ETC. (IMPRINT)
Place of publication, distribution, etc New Delhi
Name of publisher, distributor, etc Taxmann Publications
Date of publication, distribution, etc 2017
270 ## - ADDRESS
Address 59/32 ,New Rohtak Road,
City New Delhi
Postal code 110005
300 ## - PHYSICAL DESCRIPTION
Extent v.p.
Dimensions 25cm(pbk)
Other physical details ill
942 ## - ADDED ENTRY ELEMENTS (KOHA)
Source of classification or shelving scheme Dewey Decimal Classification
Item type English Books
Classification part 346.54066
Call number suffix TAX
Holdings
Withdrawn status Lost status Not for loan Collection code Home library Current library Date acquired Source of acquisition Cost, normal purchase price Full call number Barcode Copy number Cost, replacement price Koha item type
      Non-fiction Ashok Vihar Ashok Vihar 21/08/2017 BPPD/EN/2015-16/AV/2016-17/406/15.2.2017/1802/17/2.3.2017/ 18.3.2017 875.00 346.54066 TAX B-667831 1 875.00 English Books

© Delhi Public Library
Hit Counter
free hit counter